CO POWINNO ZNALEŹĆ SIĘ W OGŁOSZENIU O PRACĘ - Statystyki

Ogólne statystyki
  • Ten quiz został rozwiązany 15 razy
  • Średni wynik to 2 z 5
Statystyki odpowiedzi
Odpowiedź % Poprawnych
Wynagrodzenie
93%
Godziny
43%
Obowiązki
21%
Nazwa stanowiska
7%
Lokalizacja
0%
Nie znaleziono quizów pasujących do podanych kryteriów
Rozkład punktacji
Procent ludzi z każdym wynikiem
Percentyl według liczby udzielonych odpowiedzi
Twoja historia wyników
Nie rozwiązałeś tego quizu